LEADER 02555nas 2200469 n 450 001 990008886780403321 005 20240229084335.0 011 $a0394-6169 035 $a000888678 035 $aFED01000888678 035 $a(Aleph)000888678FED01 035 $a000888678 091 $2CNR$aP 00009832 100 $a20090724a19879999km-y0itaa50------ba 101 0 $aeng 102 $aIT 110 $aauu-------- 200 1 $aAdvances in horticultural science 207 1$a1987- 210 $aFirenze$c[s.n.] 430 0$1001000904997$12001$aRivista di ortoflorofrutticoltura italiana 452 0$12001$aAdvances in horticultural science (Online) 530 0 $aAdvances in horticultural science 675 $a635 675 $a634 712 02$aUniversità degli studi di Firenze.$bIstituto di coltivazioni arboree 801 0$aIT$bACNP$c20090723 859 4 $uhttp://acnp.cib.unibo.it/cgi-ser/start/it/cnr/dc-p1.tcl?catno=4495&person=false&language=ITALIANO&libr=&libr_th=unina1$zBiblioteche che possiedono il periodico 901 $aSE 912 $a990008886780403321 958 $aBiblioteca. Dipartimento di Scienze del Suolo, della Pianta, dell'Ambiente e delle Produzioni Animali-Sez. Genetica vegetale e ortofloricoltura Napoli$b1987-$fDAGGV 958 $aBiblioteca Dipartimento di Arboricoltura, Botanica e Patologia Vegetale-Sez. Patologia vegetale-Università Federico II di Napoli$b1987-2003;$fDAGPV 958 $aBiblioteca Centralizzata. Facoltà di Agraria dell'Università Federico II di Napoli$b1987-$ePer. It. 31/3$fFAGBC 959 $aDAGGV 959 $aDAGPV 959 $aFAGBC 996 $aAdvances in horticultural science$9802472 997 $aUNINA AP1 8 $6866-01$aNA084 Biblioteca. Dipartimento di Scienze del Suolo, della Pianta, dell'Ambiente e delle Produzioni Animali-Sez. Genetica vegetale e ortofloricoltura Napoli$ev. Università,100, 80055 Portici (NA)$m08125.39322$nit AP1 8 $6866-02$aNA086 Biblioteca Dipartimento di Arboricoltura, Botanica e Patologia Vegetale-Sez. Patologia vegetale-Università Federico II di Napoli$ev. Università,100, 80055 Portici (NA)$m08125.39322$nit AP1 8 $6866-03$aNA087 Biblioteca Centralizzata. Facoltà di Agraria dell'Università Federico II di Napoli$ev. Università, 100 Palazzo Reale, 80055 Portici (NA)$m081-2539322$m081-7760229$nit AP2 40$aacnp.cib.unibo.it$nACNP Italian Union Catalogue of Serials$uhttp://acnp.cib.unibo.it/cgi-ser/start/it/cnr/df-p.tcl?catno=4495&language=ITALIANO&libr=&person=&B=1&libr_th=unina&proposto=NO